the 1 - Taylor Swift (All Lyrics) - Statistics

General Stats
  • This quiz has been taken 189 times
    105 since last reset
  • The average score is 288 of 308
Answer Stats
Lyrics % Correct
be
100%
Been
100%
been
100%
by
100%
I
100%
I,
100%
on
100%
so?
100%
some
100%
doing
98%
in
98%
In
98%
me,
98%
me
98%
new
98%
"no"
98%
saying
98%
shit
98%
the
98%
"yes"
98%
you
98%
You
98%
And
97%
and
97%
But
97%
don't
97%
if
97%
If
97%
instead
97%
It
97%
it
97%
it's
97%
now
97%
of
97%
something
97%
something,
97%
think
97%
we
97%
We
97%
were
97%
Would
97%
would've
97%
your
97%
you're
97%
alone
95%
alright
95%
fun
95%
good,
95%
I'm
95%
my
95%
one
95%
should've
95%
wanted
95%
all
93%
at
93%
bus
93%
came
93%
defense,
93%
didn't
93%
gonna
93%
have
93%
never
93%
none
93%
saw
93%
stop,
93%
though
93%
thought
93%
time
93%
to
93%
true
93%
wishes
93%
different
92%
films
92%
greatest
92%
had
92%
home
92%
internet
92%
know
92%
know,
92%
made
92%
pool
92%
really
92%
take
92%
woman
92%
could've
90%
her
90%
meet
90%
sweet
90%
well
90%
another
89%
are
89%
baby
89%
count
89%
each
89%
everything
89%
grow
89%
hit
89%
night
89%
numbers,
89%
over
89%
own
89%
pennies
89%
Sunday
89%
thing
89%
up
89%
ask
87%
bleed,
87%
cool
87%
enough
87%
resist
87%
showed
87%
temptation
87%
today?
87%
tossing
87%
twenties,
87%
adventures
85%
Having
85%
making
85%
Roaring
85%
waking
85%
day
84%
family
84%
chosen
82%
dream
82%
leaving
82%
loves
82%
matinée
82%
running
82%
this
82%
For
79%
guess
79%
persist
79%
ground
77%
painted
75%
with
74%
(Ooh)
72%
digging
64%
grave
64%
Rosé
56%
flowing
54%
No matching quizzes found
Score Distribution
Percent of People with Each Score
Percentile by Number Answered
Your Score History
You have not taken this quiz since the last reset